Laddar...
The physiology of growth
| Huvudupphovsman: | |
|---|---|
| Materialtyp: | Printed Book |
| Språk: | English |
| Publicerad: |
1978
|
| LEADER | 00379nam a22001217a 4500 | ||
|---|---|---|---|
| 008 | 180608b xxu||||| |||| 00| 0 eng d | ||
| 100 | |a Goss, richard | ||
| 245 | |a The physiology of growth | ||
| 260 | |c 1978 | ||
| 300 | |a x,442p. | ||
| 942 | |2 ddc |c BK | ||
| 999 | |c 22221 |d 22221 | ||
| 952 | |0 0 |1 0 |2 ddc |4 2 |7 0 |9 22396 |a COVAS |b COVAS |d 2018-06-08 |p 9354 |r 2018-06-08 |w 2018-06-08 |y BK |z Dept. of veterinary physiology | ||